Поколение Z в музее: ожидание и реальность (Запись № 12865428)

Подробности
000 -МАРКЕР
контрольное поле 02364nam0a2200409 4500
001 - ИДЕНТИФИКАТОР ЗАПИСИ
контрольное поле RU\NLR\BIBL_A\012696950
005 - ИДЕНТИФИКАТОР ВЕРСИИ
контрольное поле 20220405180849.0
010 ## - МЕЖДУНАРОДНЫЙ СТАНДАРТНЫЙ НОМЕР КНИГИ (ISBN)
Номер (ISBN) 978-5-6045134-9-1
021 ## - НОМЕР ГОСУДАРСТВЕННОЙ РЕГИСТРАЦИИ
Код страны Российская Федерация
Номер КН-П-21-069091
Номер Листа государственной регистраци КН-П-21-5475
035 ## - ДРУГИЕ СИСТЕМНЫЕ НОМЕРА
Идентификатор записи (NLR Aleph) 012696950
035 ## - ДРУГИЕ СИСТЕМНЫЕ НОМЕРА
Идентификатор записи (RuMoRGB)010830239
100 ## - ДАННЫЕ ОБЩЕЙ ОБРАБОТКИ
Данные общей обработки 20220131d2021 k y0rusy50 ca
101 0# - ЯЗЫК РЕСУРСА
Язык текста, звукозаписи и т.д. русский
102 ## - СТРАНА ПУБЛИКАЦИИ ИЛИ ПРОИЗВОДСТВА
Страна публикации Российская Федерация
105 ## - ПОЛЕ КОДИРОВАННЫХ ДАННЫХ: ТЕКСТОВЫЕ МАТЕРИАЛЫ, МОНОГРАФИЧЕСКИЕ
Кодированные данные о монографическом текстовом документе a z 100zy
181 #0 - ПОЛЕ КОДИРОВАННЫХ ДАННЫХ: ВИД СОДЕРЖАНИЯ
Код вида содержания (ISBD) i3
Код характеристики содержания (ISBD) axxe
182 #0 - ПОЛЕ КОДИРОВАННЫХ ДАННЫХ: ТИП СРЕДСТВА
Код типа средства (ISBD) n - непосредственное
200 1# - ЗАГЛАВИЕ И СВЕДЕНИЯ ОБ ОТВЕТСТВЕННОСТИ
Основное заглавие Поколение Z в музее: ожидание и реальность
Сведения, относящиеся к заглавию сборник материалов по итогам круглого стола, [проходившего в рамках Недели культуры]
Первые сведения об ответственности Государственное учреждение культуры Тульской области "Тульское музейное объединение"
Последующие сведения об ответственности составитель: Райхлина Е. Л
203 ## - ВИД СОДЕРЖАНИЯ И ТИП СРЕДСТВА
Вид содержания Текст
Дополнительные сведения об издании визуальный
Тип средства непосредственный
210 ## - ПУБЛИКАЦИЯ, РАСПРОСТРАНЕНИЕ И ДР.
Место издания, распространения и т.д. Тула
Имя издателя, распространителя и т. д. ПромпилотПро
Дата издания, распространения и т.д. 2021
215 ## - ФИЗИЧЕСКАЯ ХАРАКТЕРИСТИКА
Специфическое обозначение материала и объем 62 с.
Другие сведения о физической характеристике ил.
Размеры 20
320 ## - ПРИМЕЧАНИЯ О НАЛИЧИИ В ДОКУМЕНТЕ БИБЛИОГРАФИИ / УКАЗАТЕЛЯ
Текст примечания Библиогр. в конце ст.
606 1# - НАИМЕНОВАНИЕ ТЕМЫ КАК ПРЕДМЕТ
Наименование темы Музеи
Формальный подзаголовок Съезды, совещания и т.п
Тематический подзаголовок Работа с образовательными учреждениями
Системный номер авторитетной/нормативной записи 2390034
Идентификатор авторитетной/нормативной записи RU\NLR\AUTH\6601645820
606 1# - НАИМЕНОВАНИЕ ТЕМЫ КАК ПРЕДМЕТ
Наименование темы Музеи
Формальный подзаголовок Съезды, совещания и т.п
Тематический подзаголовок Работа с детьми
Системный номер авторитетной/нормативной записи 2070463
Идентификатор авторитетной/нормативной записи RU\NLR\AUTH\661245183
606 1# - НАИМЕНОВАНИЕ ТЕМЫ КАК ПРЕДМЕТ
Наименование темы Музеи
Формальный подзаголовок Съезды, совещания и т.п
Тематический подзаголовок Работа с молодежью
Системный номер авторитетной/нормативной записи 2221728
Идентификатор авторитетной/нормативной записи RU\NLR\AUTH\6601567155
686 1# - ИНДЕКСЫ ДРУГИХ КЛАССИФИКАЦИЙ
Индекс Ч30в2
Книжный номер Ч77я431
686 1# - ИНДЕКСЫ ДРУГИХ КЛАССИФИКАЦИЙ
Индекс Ч771.34я431
702 #1 - ИМЯ ЛИЦА - ВТОРИЧНАЯ ОТВЕТСТВЕННОСТЬ
Начальный элемент ввода Райхлина
Часть имени, кроме начального элемента ввода Е. Л.
Расширение инициалов личного имени Евгения Львовна
Код отношения Составитель
711 12 - НАИМЕНОВАНИЕ ОРГАНИЗАЦИИ - АЛЬТЕРНАТИВНАЯ ОТВЕТСТВЕННОСТЬ
Начальный элемент ввода "Поколение Z в музее: ожидание и реальность", круглый стол
Место проведения временной организации Тула
Дата проведения временной организации 2021
Системный номер авторитетной/нормативной записи 786196
Идентификатор авторитетной/нормативной записи RU\NLR\AUTH\880559421
711 12 - НАИМЕНОВАНИЕ ОРГАНИЗАЦИИ - АЛЬТЕРНАТИВНАЯ ОТВЕТСТВЕННОСТЬ
Начальный элемент ввода Неделя культуры
Место проведения временной организации Тула
Дата проведения временной организации 2021
Системный номер авторитетной/нормативной записи 786199
Идентификатор авторитетной/нормативной записи RU\NLR\AUTH\880559423
712 02 - НАИМЕНОВАНИЕ ОРГАНИЗАЦИИ - ВТОРИЧНАЯ ОТВЕТСТВЕННОСТЬ
Код отношения Прочие
Начальный элемент ввода Тульское музейное объединение
Системный номер авторитетной/нормативной записи 786202
Идентификатор авторитетной/нормативной записи RU\NLR\AUTH\880559425
942 ## - ДОПОЛНИТЕЛЬНЫЕ ЭЛЕМЕНТЫ ЗАПИСИ (АБИС)
Тип экземпляра АБИС Книга
980 ## - КОЛЛЕКЦИЯ
Название коллекции Национальная библиография
Экземпляры
Тип экземпляра Дата поступления Источник поступления Библиотека постоянного хранения Библиотека текущего хранения Место хранения Шифр хранения Штрих-код Статус экземпляра
Книга 31.01.2022 Обязательный экземпляр РНБ (Московский) РНБ (Московский) Русский книжный фонд: издания с 1957 года 2022-4/645 1-3627969  
Книга 31.01.2022 Обязательный экземпляр РНБ (Московский) РНБ (Московский) Русский книжный фонд: издания с 1957 года 2022-4/645 1-3627965